000 00342pam a2200157a 44500
008 230515b1988 xxu||||| |||| 00| 0 eng d
020 _aNULL
041 _aENGLISH
082 _a630
100 _aBANERJEE S K
245 _aFOX VIEW
250 _a2
260 _aDELHI
_bFIVE STANS CENTRE PRIZES
_c1988
300 _a525
650 _aNULL
999 _c651455
_d651455